<?xml version="1.0" encoding="UTF-8"?>
<collection xmlns:xsi="http://www.w3.org/2001/XMLSchema-instance" xsi:schemaLocation="http://www.loc.gov/MARC21/slim http://www.loc.gov/standards/marcxml/schema/MARC21slim.xsd" xmlns="http://www.loc.gov/MARC21/slim">
 <record>
  <leader>00000nam a22000008i 4500</leader>
  <controlfield tag="001">UP-1685954869149671357</controlfield>
  <controlfield tag="003">Buklod</controlfield>
  <controlfield tag="005">20240327100456.0</controlfield>
  <controlfield tag="006">m    |o  d |      </controlfield>
  <controlfield tag="007">ta</controlfield>
  <controlfield tag="008">240327s2022    paua    r     001 0 eng d</controlfield>
  <datafield tag="020" ind1=" " ind2=" ">
   <subfield code="a">9781975153205</subfield>
  </datafield>
  <datafield tag="035" ind1=" " ind2=" ">
   <subfield code="a">21902216</subfield>
  </datafield>
  <datafield tag="037" ind1=" " ind2=" ">
   <subfield code="a">CHK-6313</subfield>
   <subfield code="b">NSGB Books Trading </subfield>
   <subfield code="c">Php6695.00</subfield>
  </datafield>
  <datafield tag="040" ind1=" " ind2=" ">
   <subfield code="a">DLC</subfield>
   <subfield code="e">rda</subfield>
   <subfield code="d">DCHK</subfield>
  </datafield>
  <datafield tag="041" ind1=" " ind2=" ">
   <subfield code="a">eng</subfield>
  </datafield>
  <datafield tag="090" ind1=" " ind2=" ">
   <subfield code="a">GV 428.7</subfield>
   <subfield code="b">A44 2022</subfield>
  </datafield>
  <datafield tag="245" ind1="0" ind2="0">
   <subfield code="a">ACSM's resources for the personal trainer</subfield>
   <subfield code="c">senior editor, Trent A. Hargens ; associate editors, Elizabeth Skidmore Edwards, Anthony A. Musto, Katrina Piercy.</subfield>
  </datafield>
  <datafield tag="246" ind1="1" ind2=" ">
   <subfield code="a">American College of Sports Medicine's resources for the personal trainer</subfield>
  </datafield>
  <datafield tag="246" ind1="1" ind2=" ">
   <subfield code="a">Resources for the personal trainer</subfield>
  </datafield>
  <datafield tag="250" ind1=" " ind2=" ">
   <subfield code="a">Sixth edition.</subfield>
  </datafield>
  <datafield tag="264" ind1=" " ind2="1">
   <subfield code="a">Philadelphia</subfield>
   <subfield code="b">Wolters Kluwer</subfield>
   <subfield code="c">2022</subfield>
  </datafield>
  <datafield tag="300" ind1=" " ind2=" ">
   <subfield code="a">xii, 643 pages</subfield>
   <subfield code="b">color illustrations</subfield>
   <subfield code="c">29 cm</subfield>
  </datafield>
  <datafield tag="336" ind1=" " ind2=" ">
   <subfield code="a">text</subfield>
   <subfield code="2">rdacontent</subfield>
  </datafield>
  <datafield tag="337" ind1=" " ind2=" ">
   <subfield code="a">computer</subfield>
   <subfield code="2">rdamedia</subfield>
  </datafield>
  <datafield tag="338" ind1=" " ind2=" ">
   <subfield code="a">volume</subfield>
   <subfield code="2">rdacarrier</subfield>
  </datafield>
  <datafield tag="504" ind1=" " ind2=" ">
   <subfield code="a">Includes bibliographical references and index</subfield>
  </datafield>
  <datafield tag="505" ind1="0" ind2=" ">
   <subfield code="a">Importance of the Field and Profession of Personal Training -- Career Track for Personal Trainers -- Anatomy and Kinesiology -- Biomechanics -- Exercise Physiology -- Nutrition and Human Performance -- Theories of Behavior Change -- Adherence to Exercise : Helping Your Client Stay Active -- Eliciting Positive Perceptions and Behaviors : Coaching Techniques -- The Initial Client Consultation -- Preparticipation Physical Activity Screening Guidelines -- Client Fitness Assessments -- Comprehensive Program Design -- Resistance Training Programs -- Cardiorespiratory Training Programs -- Guidelines for Designing Flexibility Programs -- Personal Training Session Components -- Advanced Program Options -- Populations across the Lifespan -- Metabolic Disease and Cardiovascular Disease Risk Factors -- Business Basics and Planning -- Legal Issues and Responsibilities.</subfield>
  </datafield>
  <datafield tag="520" ind1=" " ind2=" ">
   <subfield code="a">&quot;Certified Personal Trainer candidates looking to boost their exam confidence, as well as practicing Personal Trainers who want to take their An essential resource to prepare for the ACSM Certified Personal Trainer examination, ACSM's Resources for the Personal Trainer, Sixth Edition, provides critical insights for Certified Personal Trainer candidates looking to boost their exam confidence, as well as practicing Personal Trainers who want to take their practice to the next level. This updated edition is fully aligned with the eleventh edition of ACSM's Guidelines for Exercise Testing and Prescription and equips readers with the latest practices in client screening, exercise program development, and working with special populations&quot;--</subfield>
  </datafield>
  <datafield tag="650" ind1=" " ind2="0">
   <subfield code="a">Physical Education and Training.</subfield>
  </datafield>
  <datafield tag="650" ind1=" " ind2="0">
   <subfield code="a">Exercise</subfield>
   <subfield code="x">physiology.</subfield>
  </datafield>
  <datafield tag="700" ind1="1" ind2=" ">
   <subfield code="a">Edwards, Elizabeth Skidmore</subfield>
   <subfield code="e">editor.</subfield>
  </datafield>
  <datafield tag="700" ind1="1" ind2=" ">
   <subfield code="a">Hargens, Trent</subfield>
   <subfield code="e">editor.</subfield>
  </datafield>
  <datafield tag="700" ind1="1" ind2=" ">
   <subfield code="a">Musto, Anthony A.</subfield>
   <subfield code="e">editor.</subfield>
  </datafield>
  <datafield tag="700" ind1="1" ind2=" ">
   <subfield code="a">Piercy, Katrina</subfield>
   <subfield code="e">editor.</subfield>
  </datafield>
  <datafield tag="710" ind1="2" ind2=" ">
   <subfield code="a">American College of Sports Medicine</subfield>
   <subfield code="e">issuing body.</subfield>
  </datafield>
  <datafield tag="856" ind1="4" ind2="0">
   <subfield code="u">https://connect.lww.com</subfield>
   <subfield code="a">Includes accompanying website</subfield>
  </datafield>
  <datafield tag="905" ind1=" " ind2=" ">
   <subfield code="a">FO</subfield>
  </datafield>
  <datafield tag="852" ind1="0" ind2=" ">
   <subfield code="a">UPD</subfield>
   <subfield code="b">DCHK</subfield>
   <subfield code="h">GV 428.7</subfield>
   <subfield code="i">A44 2022</subfield>
  </datafield>
  <datafield tag="942" ind1=" " ind2=" ">
   <subfield code="a">Book</subfield>
  </datafield>
 </record>
</collection>
